مكتبة جامعة عجلون الوطنية

فهرس بحث المكتبة

Normal view MARC view
  • المبيضين، وسام عبد الرحمن، م.مشارك فرحان محمد العبيسات، م.مشارك عيسى محمد قنبر

Entry Personal Name

Number of records used in: 1

001 - CONTROL NUMBER

  • control field: 50589

003 - CONTROL NUMBER IDENTIFIER

  • control field: JO-AjAnu

005 - DATE AND TIME OF LATEST TRANSACTION

  • control field: 20230606082328.0

008 - FIXED-LENGTH DATA ELEMENTS

  • fixed length control field: 230606|| aca||aabn | a|a d

040 ## - CATALOGING SOURCE

  • Original cataloging agency: JO-AjAnu
  • Transcribing agency: JO-AjAnu

100 ## - HEADING--PERSONAL NAME

  • Personal name: المبيضين، وسام عبد الرحمن، م.مشارك فرحان محمد العبيسات، م.مشارك عيسى محمد قنبر

670 ## - SOURCE DATA FOUND

  • Source citation: Work cat.: (JO-AjAnu)25862: المبيضين، وسام عبد الرحمن، م.مشارك فرحان محمد العبيسات، م.مشارك عيسى محمد قنبر, author, تصميم المواقع الالكترونية باستخدام دريم ويفر